000 00784nam a2200253 a 4500
001 BRCA_7877
005 20190320210033.0
008 191113s1965----fr-a######---#000-0#fre-#
041 _afre
044 _afr
050 4 _aNA5801
_b.R34 1965
100 1 _aRahlves, Friedrich
_919482
245 1 0 _aCathedrales et monasteres d´Espagne
_cFriedrich Rahlves ; traduit de l´allemand par Monique Bittebierre.
260 _aParís
_bB. Arthaud
_c1965
300 _a340 p.
_bil., 167 láminas
_c23 cm.
440 0 _aArt et paysages
_v25
_919483
500 _aY147
650 1 4 _aCatedrales
_97862
650 1 4 _aConventos y monasterios
_zEspaña
_913116
650 1 4 _aArquitectura religiosa
_zEspaña
_97863
700 1 _aBittebierre, Monique
_etr.
_919484
902 _aGFM
942 _2lcc
_cB
999 _c7551
_d7551